Curso completo de pedagogía / (Registro nro. 171489)

Detalles MARC
000 -LEADER
campo de control de longitud fija 00722nam a22001935i 4500
001 - NÚMERO DE CONTROL
campo de control 171489
003 - IDENTIFICADOR DE NÚMERO DE CONTROL
campo de control ES-MaACL
005 - FECHA Y HORA DE LA ÚLTIMA TRANSACCIÓN
campo de control 20250828004913.0
008 - DATOS DE LONGITUD FIJA--INFORMACIÓN GENERAL
campo de control de longitud fija 090519s1951 sp |||| | spa d
080 ## - NÚMERO DE LA CLASIFICACIÓN DECIMAL UNIVERSAL
Número de la Clasificación Decimal Universal 37
100 1# - ENTRADA PRINCIPAL--NOMBRE DE PERSONA
Nombre de persona Solana, Ezequiel.
9 (RLIN) 140208
245 10 - MENCIÓN DEL TÍTULO
Título Curso completo de pedagogía /
Mención de responsabilidad, etc. por Ezequiel Solana.
260 ## - PUBLICACIÓN, DISTRIBUCIÓN, ETC.
Lugar de publicación, distribución, etc. Madrid :
Nombre del editor, distribuidor, etc. Escuela Española,
Fecha de publicación, distribución, etc. 1951.
300 ## - DESCRIPCIÓN FÍSICA
Extensión 4 v. ;
Dimensiones 22 cm.
505 8# - NOTA DE CONTENIDO CON FORMATO
Nota de contenido con formato Contiene: I. Pedagogía general.- 367 p. II. Didáctica pedagógica.- 396 p., 1 h. III. Organización escolar e instituciones complementarias.- 323 p. IV. Historia de la pedagogía.- 603 p.
650 17 - PUNTO DE ACCESO ADICIONAL DE MATERIA--TÉRMINO DE MATERIA
Término de materia o nombre geográfico como elemento de entrada Pedagogía
Fuente del encabezamiento o término embne
9 (RLIN) 15904
852 ## - LOCALIZACIÓN
Ubicación ES-MaACL
Número de control de estantería E-2362-65
itemnumber R.36922
Existencias
Estatus retirado Estado de pérdida Estado de daño No para préstamo Biblioteca de origen Biblioteca actual Ubicación en estantería Fecha de adquisición Fuente de adquisición Total de préstamos Signatura topográfica completa Código de barras Visto por última vez Precio de reemplazo Tipo de ítem Koha
        Biblioteca del Ateneo de Madrid Biblioteca del Ateneo de Madrid Depósito 2 19/05/2009     E-2362-65 1179965 23/02/2023 23/02/2023 Libro impreso